| 000 | 00852nam a2200265Ia 4500 | ||
|---|---|---|---|
| 001 | 22000 | ||
| 005 | 20260320113333.0 | ||
| 008 | 260320s9999||||xx |||||||||||||| ||und|| | ||
| 020 | _a9788497843577 | ||
| 041 | _aESP | ||
| 082 |
_a616.89156 _bM61F |
||
| 100 |
_aMinuchin, Salvador, _eAUT |
||
| 245 | 0 |
_aFamilias y terapia familiar _b |
|
| 246 |
_a _5 _b |
||
| 250 | _aSegunda edición. Reimpresión | ||
| 260 |
_aBarcelona : _bEditorial Gedisa, _c2017 |
||
| 300 |
_a342 páginas : _b _c23 cm. _e |
||
| 440 |
_a(Terapia familiar) _n _v |
||
| 650 | _aTCA | ||
| 653 | _aTerapia familiar; Psicoterapia familiar | ||
| 654 | _aCPS | ||
| 700 |
_a _c |
||
| 856 |
_uhttps://0u20vmuvj-y-https-ebookcentral-proquest-com.itmsp.museknowledge.com/lib/catolicasp/home.action _zVéase además: Base de datos ProQuest Ebook Central |
||
| 942 |
_cLIB _dJUS _fMAT _2ddc _n |
||
| 999 |
_c22000 _d22000 |
||